Contribució a l'estudi de l'esporga de l'olivera / August Matons ...
Descripción Física:
83 p. : il. ; 22 cm
Materias:
Oliveres -- Conreu
MARC
| LEADER | 00000nam a2200000Ia 4500 | ||
|---|---|---|---|
| 001 | 8242 | ||
| 008 | 160829s1923 xx 000 0 cat d | ||
| 710 | 2 | |a Catalunya. |b Mancomunitat |9 53015 | |
| 710 | 1 | |a Catalunya. |b Mancomunitat. |b Serveis Tècnics d'Agricultura |9 54615 | |
| 952 | |0 0 |1 0 |4 0 |6 C2133 |7 1 |9 43439 |a Arxiu |b Arxiu |d 2016-12-01 |l 0 |o C-2-133 |p 8242 |r 2016-12-01 00:00:00 |w 2016-12-01 |y ARXIU | ||
| 999 | |c 45985 |d 45985 | ||
| 080 | |a C-2-133 | ||
| 100 | |a Matons, August |9 20130 | ||
| 245 | |a Contribució a l'estudi de l'esporga de l'olivera / August Matons ... | ||
| 260 | |a Barcelona : |b Mancomunitat de Catalunya. Serveis Tècnics d'Agricultura, |c 1923 | ||
| 300 | |a 83 p. : |b il. ; |c 22 cm | ||
| 490 | |a Arxius dels Serveis Tècnics d'Agricultura ; 1 | ||
| 650 | |a Oliveres |x Conreu |9 25084 | ||
| 901 | |a Arxiu | ||
| 942 | |n 1 |2 udc | ||